<?xml version="1.0" encoding="UTF-8"?>
<record
    xmlns:xsi="http://www.w3.org/2001/XMLSchema-instance"
    xsi:schemaLocation="http://www.loc.gov/MARC21/slim http://www.loc.gov/standards/marcxml/schema/MARC21slim.xsd"
    xmlns="http://www.loc.gov/MARC21/slim">

  <leader>03137nam a22003497a 4500</leader>
  <controlfield tag="003">OSt</controlfield>
  <controlfield tag="005">20260602095338.0</controlfield>
  <controlfield tag="008">260602b        |||||||| |||| 00| 0 eng d</controlfield>
  <datafield tag="040" ind1=" " ind2=" ">
    <subfield code="a">Foundation University Library </subfield>
    <subfield code="b">eng</subfield>
    <subfield code="c">Foundation University Library</subfield>
    <subfield code="e">rda</subfield>
  </datafield>
  <datafield tag="050" ind1=" " ind2=" ">
    <subfield code="a">GS (MAEd-AdmSup-Th) LG 221 D35 G73</subfield>
    <subfield code="b">A5 E38 H43 2015 C33</subfield>
  </datafield>
  <datafield tag="100" ind1=" " ind2=" ">
    <subfield code="a">Cabugnason, Heide Gwen G.,</subfield>
    <subfield code="e">author</subfield>
    <subfield code="9">5777</subfield>
  </datafield>
  <datafield tag="245" ind1=" " ind2=" ">
    <subfield code="a">Teachers' self-concept in relation to their job performance /</subfield>
    <subfield code="c">by Heide Gwen G. Cabugnason.</subfield>
  </datafield>
  <datafield tag="260" ind1=" " ind2=" ">
    <subfield code="a">Dumaguete City : </subfield>
    <subfield code="b">Foundation University,</subfield>
    <subfield code="c">2015.</subfield>
  </datafield>
  <datafield tag="264" ind1=" " ind2=" ">
    <subfield code="4">2015.</subfield>
  </datafield>
  <datafield tag="300" ind1=" " ind2=" ">
    <subfield code="a">x, 76 leaves :</subfield>
    <subfield code="b">illustrations ;</subfield>
    <subfield code="c">28 cm</subfield>
    <subfield code="3">thesis</subfield>
    <subfield code="f">leaves</subfield>
  </datafield>
  <datafield tag="336" ind1=" " ind2=" ">
    <subfield code="3">rdacontent</subfield>
    <subfield code="a">text</subfield>
    <subfield code="b">txt</subfield>
  </datafield>
  <datafield tag="337" ind1=" " ind2=" ">
    <subfield code="3">rdamedia</subfield>
    <subfield code="a">unmediated</subfield>
    <subfield code="b">n</subfield>
  </datafield>
  <datafield tag="338" ind1=" " ind2=" ">
    <subfield code="3">GS-MAEd-AdmSup-Th</subfield>
    <subfield code="a">volume</subfield>
    <subfield code="b">nc</subfield>
    <subfield code="2">rdacarrier</subfield>
  </datafield>
  <datafield tag="490" ind1=" " ind2=" ">
    <subfield code="a">GS-MAEd-AdmSup-Th</subfield>
  </datafield>
  <datafield tag="502" ind1=" " ind2=" ">
    <subfield code="a">Graduate thesis (Master of Arts in Education Major in Administration and Supervision) -- Foundation University, 2015.</subfield>
  </datafield>
  <datafield tag="504" ind1=" " ind2=" ">
    <subfield code="a">Includes bibliographical references and appendices.
</subfield>
  </datafield>
  <datafield tag="520" ind1=" " ind2=" ">
    <subfield code="a">ABSTRACT
The study aimed to determine the teachers' self-concept and how it
relates to their job performance. The descriptive-correlational design was used in
this study. The researcher utilized percentage, mean u, weighted mean u and
Pearson r.
The study revealed that majority of the teachers are female and most of
them have been in the service for more than a decade. The job performance
rating of the teachers based on Performance Evaluation System (PES) rating is
"very satisfactory"
The study also found out that the self-concept of the teachers in the area
of verbal communication, written communication, productivity, accuracy, volume,
timeliness, and self-management is "very high.
Moreover, the study identified that there is a negative relationship between
the following areas of self- concept and their job performance rating: written
communication, self-management, and productivity. This means that the lower
the job performance rating of the teachers, the more that they need to improve
their skills in written communication, self-management, and productivity.
The researcher has the following recommendation:
Since the relationship between the self-concept of the teachers in three
areas (written communication, self-management, and productivity) and their job
performance rating is negative, the teachers who already obtained high ratings
from the previous years should continue and sustain to improve their skills
particularly in written communication, self-management, and productivity.</subfield>
  </datafield>
  <datafield tag="650" ind1=" " ind2=" ">
    <subfield code="a">Teachers</subfield>
    <subfield code="x">Psychology. </subfield>
    <subfield code="9">16939</subfield>
  </datafield>
  <datafield tag="650" ind1=" " ind2=" ">
    <subfield code="a">Self-concept.</subfield>
    <subfield code="9">16940</subfield>
  </datafield>
  <datafield tag="650" ind1=" " ind2=" ">
    <subfield code="a">Teacher effectiveness. </subfield>
    <subfield code="9">6909</subfield>
  </datafield>
  <datafield tag="650" ind1=" " ind2=" ">
    <subfield code="a">Job performance. </subfield>
    <subfield code="9">8433</subfield>
  </datafield>
  <datafield tag="650" ind1=" " ind2=" ">
    <subfield code="a">Educational evaluation.</subfield>
    <subfield code="9">1673</subfield>
  </datafield>
  <datafield tag="650" ind1=" " ind2=" ">
    <subfield code="a">Professional competence.</subfield>
    <subfield code="9">16941</subfield>
  </datafield>
  <datafield tag="658" ind1=" " ind2=" ">
    <subfield code="a">Thesis Writing 2 (Pre/Final Oral Defense) :</subfield>
    <subfield code="b">Administration and Supervision, Master of Arts in Education Major in ;</subfield>
    <subfield code="c">MA 101 .</subfield>
  </datafield>
  <datafield tag="900" ind1=" " ind2="0">
    <subfield code="4">Sapalaran, James O., cataloger</subfield>
  </datafield>
  <datafield tag="942" ind1=" " ind2=" ">
    <subfield code="2">lcc</subfield>
    <subfield code="c">TH</subfield>
    <subfield code="n">0</subfield>
    <subfield code="h">LG 221 D35 G73</subfield>
    <subfield code="i">A5 E38 H43 2015 C33</subfield>
    <subfield code="k">GS (MAEd-AdmSup-Th)</subfield>
  </datafield>
  <datafield tag="999" ind1=" " ind2=" ">
    <subfield code="c">6211</subfield>
    <subfield code="d">6211</subfield>
  </datafield>
  <datafield tag="952" ind1=" " ind2=" ">
    <subfield code="0">0</subfield>
    <subfield code="1">0</subfield>
    <subfield code="2">lcc</subfield>
    <subfield code="4">0</subfield>
    <subfield code="7">0</subfield>
    <subfield code="a">FOUNDATION</subfield>
    <subfield code="b">FOUNDATION</subfield>
    <subfield code="c">MAIN-THE,DISS</subfield>
    <subfield code="d">2026-06-02</subfield>
    <subfield code="e">Donated</subfield>
    <subfield code="l">0</subfield>
    <subfield code="o">GS (MAEd-AdmSup-Th) LG 221 D35 G73 A5 E38 H43 2015 C33</subfield>
    <subfield code="p">0232026017002</subfield>
    <subfield code="r">2026-06-02 09:54:07</subfield>
    <subfield code="w">2026-06-02</subfield>
    <subfield code="y">TH</subfield>
    <subfield code="k">AdmSup-Th-2026002</subfield>
  </datafield>
</record>
